00878nam a2200241 i 4500003000900000005001700009007000300026008004100029020001800070040003000088082001200118100002700130245013200157264005500289300002800344336002600372337003300398338002800431500006900459700004300528700003300571700003200604DO-SdBNP20240408153626.0ta240408b202u dr 000 0 spa d a9789945185805 aDO-SdBNPbspacBNPHUerda 4222bO34 aOgando B., Joeleautor10aCara a Cara :b"El alma frente a Dios" /cJoel Ogando B. : prólogo Loreanne Ramírez Tejada, Michell Almonte, Nireilys David aSanto Domingo b[editor no identificado],c[2023]. a250 páginas ;c23 cm. 2rdaontentatextobtxt 2rdamediaasin mediaciónbn 2rdacarrieravolumenbnc aIncluye datos biográficos del autor en la solapa de la portada1 aRamírez Tejada, Loreanne eprólogo1 aAlmonte, Michell eprólogo1 a David, Nireilyseprólogo